000 01562 a2200229 4500
001 227
005 20260407155414.0
008 260407a2010 arg spa d
003 AR-UNSa-BCEJYS
040 _aAR-UNSa-BCEJYS
_bspa
_cAR-UNSa-BCEJYS
080 _a351.72
_xFinanzas públicas. Legislación (Contabilidad Pública, Administración financiera...)
245 1 0 _aEstado eficiente
_pAdministración financiera gubernamental. un enfoque sistemico
020 _a978-987-1577-29-3
250 _a3a. ed
264 1 _aBuenos Aires :
_bOsmar D. Buyatti
_c2010
300 _axl, 660 p.
_c22 cm
505 _a1. Administración financiera gubernamental. Un enfoque integral - 2. Las escuelas de administración y su influencia en el pensamiento gubernamental - 3. El proceso sistémico de toma de decisiones - 4. Visión sistémica aplicable en la doctrina de la administración financiera gubernamental - 5. El complejo universo del presupuesto - 6. Restricciones y condicionantes de la programación presupuestaria - 7. Un enfoque presupuestario productivo - 8. Clasificadores presupuestarios de gastos - 9. Técnicas de estimación del gasto corriente - 10. Técnicas de estrimación de erogaciones de capital - 11. Técnicas de estimación de recursos - 12. Evaluación del gasto y medición de resultados 13. La formulación del presupuesto
942 _cBK
590 _aniveau_biblio:m niveau_hierar:0
100 1 _aLas Heras, José María
856 4 1 _uhttps://biblioeco.unsa.edu.ar/pmb/images/libros/Estado Eficiente2.jpg
_yImagen de portada
_qimage/jpeg
999 _c142
_d142